00785nam a22002417a 450000500170000001000110001702000220002803500110005003700160006104000120007708200160008910000350010524500660014026000410020627000310024730000230027850000190030165000300032065000250035094200250037599900190040095201240041920170124110042.0 a697509 c00.00a004827013X a697509 bCen Lib/Ret aDPLbEN a808.88bLEV aLevinson, Leonard Louis923880 aBartlett's unfamiliar quotations /cby Leonard Louis Levinson aLondonbGeorge Allen and Unwinc1972 aRuskin House Museum Street aix,341p.c21cm(Hb) aIncludes index aQuotations, English93128 aWit and Humor923881 2ddccENh808.88mLEV c128601d128601 00104070aLbLd2015-07-03eCen Lib/Ret g0.00l0o808.88 LEVp697509r2015-07-03 00:00:00t1v0.00w2015-07-03yEN